| 000 | 00386 a2200109 4500 | ||
|---|---|---|---|
| 001 | ART_47443 | ||
| 005 | 20260410161822.0 | ||
| 008 | 260409a | ||
| 245 | 1 | 0 | _aAgravantes del delito de evasión según el carácter apócrifo de la documentación |
| 100 | 1 | _aSemachowicz, Esteban D. | |
| 773 | 0 |
_tDoctrina Penal Tributaria y Económica _g- N° 49 (sep. 2018) _wREV4317 |
|
| 999 |
_c22420 _d22420 |
||